000 01393nam a2200277 a 4500
001 BRCA_2462
005 20190320203824.0
008 191108s1831----sp-a---###---#000-0#spa-u
041 _aspa
044 _asp
084 _a102
_b.E89
_c1831
100 1 _aCervantes Saavedra, Miguel de
_d1547-1616
_9213
245 1 0 _aEl Ingenioso Hidalgo Don Quijote de la Mancha
_ccompuesto por Miguel de Cervantes Saavedra.
260 _aMadrid
_bD. J. Espinosa
_c1831
300 _a4 v.
_bil.
_c12 cm.
500 _aContenido : v 1. Primera parte. Retrato de Cervantes. Advertencia de los editores. Dedicatoria. Prólogo del autor. Versos preliminares. Texto. -- v 2. Texto. -- v 3. Segunda parte. Dedicatoria. Prólogo del autor. Texto. -- v 4. Texto
500 _aEdición muy manejable, de tipos pequeños, pero claros. Su texto está arreglado al de la última edición de la Academia (1819), de la cual se tomó el retrato de Cervantes, grabado, como tambiénlas láminas, por C. Boix. Piel; lomeras con filetes dorados Lúdovik Osterc
500 _aQM84
650 1 4 _aNovela española
_yÉpoca clásica, 1500-1700
_9215
650 1 4 _aLiteratura española
_yÉpoca clásica, 1500-1700
_9216
650 1 4 _aNovela española
_ySiglo XVII
_9217
650 1 4 _aDon Quijote (Personaje ficticio)
_eNovela
_9218
740 0 _aEl Ingenioso Hidalgo Don Quijote de la Mancha
902 _aQFM
942 _2lcc
_cB
999 _c2203
_d2203